Quizzes
Events
Quiz Creation
Community
Videos
Private Events
Remove Ads
Sign In
Join for FREE
Feedback
Dark Mode
Quiz Categories
Sports
Geography
Music
Movies
Television
Just For Fun
Miscellaneous
History
Literature
Language
Science
Gaming
Entertainment
Religion
Holiday
For Kids
Quiz Lab
Recent
Popular Today
Quiz Kudos Today
Editor Picks
Curator Picks
Quizzes by...
Day
Popularity
Type
Ratings
Length
Year
Community
Subscriptions
Recent Discussions
Orange Saloon
Badges
Playlists
Quests
Create
Leaderboards
Showdown
Live 5
Trivia Bingo
Activity
Puzzle Library
Sporcle Events
Private Events
Virtual Trivia
Globe League
Become a Host
Pub Owners
SporcleCon
Opinionation
Our Games
Videos
Blog
Mobile Apps
Partnerships
Remove Ads and Go Orange
Feedback
Geography
Country
Landmarks
City
State
Population
World
Capital
Continent
Flags
Europe
Africa
Asia
South America
North America
Oceania
Border
Canada
United Kingdom
Topography
United States
Geography
Country
Landmarks
City
State
Population
World
Capital
Continent
Flags
Europe
Africa
Asia
South America
North America
Oceania
Border
Canada
United Kingdom
Topography
United States
Random Quiz
Search Sporcle
×
Quiz Lab
Quiz Lab
Geography
City
Type answers that appear on an image
Type answers that appear on an image
Map
Best Score? Go Orange.
160 Largest municipalities of Finland Stats
Can you name the Largest municipalities of Finland?
By
Kaucuk
15m
160 Questions
434 Plays
434 Plays
434 Plays
Comments
Comments
Give Quiz Kudos
Give Quiz Kudos
-
- Ratings
hide this ad
Replay
Link that replays current quiz
Next Quiz
Link to next quiz in quiz playlist
You Got
0%
They Got
Avg Score
34%
Avg Friend Score
Upgrade to see
Score Distribution
Jump to the score distribution portion of the page
Score
0/160
Timer
15:00
0
Plays Today
% Correct
Helsinki
97.2%
Espoo
87.6%
Tampere
87.6%
Turku
85.7%
Oulu
83.9%
Lahti
79.5%
Vantaa
77.6%
Rovaniemi
76%
Kuopio
72.8%
Jyväskylä
72.6%
Pori
69.8%
Vaasa
68%
Lappeenranta
64.5%
Joensuu
64.1%
Kotka
62.4%
Porvoo
61.3%
Mikkeli
60.8%
Kouvola
60.6%
Hämeenlinna
58.1%
Kemi
57.1%
Seinäjoki
56.9%
Rauma
56.5%
Kokkola
54.8%
Salo
52.1%
Tornio
51.8%
Nokia
51.6%
Savonlinna
51.2%
Kuusamo
50%
Kajaani
49.3%
Imatra
48.6%
Jakobstad
47.9%
Inari
47%
Hyvinkää
46.5%
Ii
46.5%
Lohja
45.4%
Uusikaupunki
44.5%
Hamina
44%
Hanko
44%
Mariehamn
43.5%
Riihimäki
43.3%
Järvenpää
42.4%
Naantali
42.4%
Raahe
40.8%
Varkaus
40.1%
Kirkkonummi
39.9%
Forssa
39.2%
Kerava
37.3%
Iisalmi
37.3%
Valkeakoski
37.1%
Sodankylä
37.1%
Heinola
36.4%
Lieksa
36.4%
Jämsä
35.7%
Loviisa
34.8%
% Correct
Lempäälä
34.6%
Loimaa
34.1%
Kaarina
33.9%
Kangasala
33.4%
Lapua
33.2%
Nurmijärvi
32.9%
Kemijärvi
32.9%
Eura
32.7%
Tuusula
32.5%
Sastamala
32.5%
Vihti
32.3%
Akaa
32.3%
Kristinestad
32.3%
Raseborg
31.6%
Hollola
31.6%
Siilinjärvi
31.6%
Ylivieska
31.6%
Sipoo
31.6%
Ylöjärvi
31.3%
Pieksämäki
31.1%
Nurmes
30.6%
Orivesi
30.4%
Raisio
30%
Orimattila
30%
Äänekoski
29.7%
Kempele
29.7%
Kuhmo
29.5%
Kalajoki
29%
Kittilä
28.8%
Kauniainen
28.6%
Alavus
27.4%
Kankaanpää
27.4%
Kauhajoki
27.2%
Kitee
27.2%
Janakkala
27%
Sotkamo
26.5%
Keuruu
26.5%
Ulvila
26.5%
Parkano
26.5%
Pargas
26.3%
Närpes
26%
Kurikka
25.6%
Mäntsälä
25.6%
Oulainen
25.3%
Karkkila
25.1%
Pirkkala
24.7%
Korsholm
24.7%
Outokumpu
24.7%
Mänttä-Vilppula
24.4%
Liperi
24.4%
Kauhava
24%
Muurame
23.7%
Ikaalinen
23.3%
Ähtäri
23.3%
% Correct
Laitila
23%
Muhos
22.8%
Hämeenkyrö
22.6%
Huittinen
22.4%
Liminka
22.4%
Lieto
22.1%
Paimio
22.1%
Laukaa
21.9%
Masku
21.9%
Nykarleby
21.7%
Pedersöre
21.2%
Kokemäki
21%
Kontiolahti
20.7%
Suomussalmi
20.7%
Suonenjoki
20.7%
Keminmaa
20.5%
Eurajoki
20.5%
Saarijärvi
20.3%
Kiuruvesi
20%
Pudasjärvi
19.8%
Ilmajoki
19.6%
Nivala
19.6%
Virrat
19.6%
Alajärvi
19.1%
Harjavalta
18.7%
Leppävirta
18.4%
Siuntio
18.4%
Haapajärvi
18.2%
Lapinlahti
18%
Laihia
17.7%
Viitasaari
17.5%
Hattula
17.3%
Asikkala
17.1%
Haapavesi
17.1%
Juva
17.1%
Nakkila
16.1%
Somero
15.9%
Iitti
15.9%
Kimitoön
15.9%
Mynämäki
15.7%
Kronoby
15.4%
Mäntyharju
14.7%
Siikalatva
14.5%
Loppi
14.3%
Vörå
14.3%
Tyrnävä
14.3%
Säkylä
13.6%
Pälkäne
12.9%
Rusko
11.8%
Pöytyä
11.5%
Hausjärvi
10.8%
Tammela
10.8%
Quiz Playlist
Details
Report
Send in Message
Add To Playlist
Map:
Type answers that appear on an image
Last Updated: Aug 28, 2017
Quiz Scoreboard
CHALLENGE
Sign Up to Join the Scoreboard
Show All
Scores
Hide
Comments
May contain spoilers
Recently Published
Movies - When Are They Set?
by FPL_Elf
Movies
5m
Popular People in 1961
by mucciniale
History
6m
1-10 Letter E Words III
by El_Dandy
Language
2m
More to Explore
Quiz From the Vault
Featured Blog Post
Where Did the Easter Bunny Come From?
hide this ad
You Might Also Like...
Tags
City Quiz
Europe Cities
Finland
map
Today's Top Quizzes in Geography
Browse Geography
hide this ad
Today's Top Quizzes in City
Browse City
Top Contributed Quizzes in Geography
1
Countries of the World - No Outlines Minefield
2
Top 25 Cities of France on a map
3
Closest Countries to UK A-Z
4
One Thing in Common: United Kingdom
5
Blind Secret Country CLXXXVIII
6
Blind Ultimate Minefield: USA
7
African Flag Reveal XLV
8
Find the US States - No Outlines
9
One Thing in Common: Asia
10
Find the Provinces of Canada - No Outlines Minefield
Explore More
Trending Topics
Crossword
Marvel
Anime
Harry Potter
Disney
NBA
Kpop
Pokémon
Song
Soccer
Country
WWE
Puzzle
The Office
NFL
hide this ad
More By:
Kaucuk
Quiz
Plays
Rating
Category
Featured
Created
300 Largest French Cities
14,596
4.79
Geography
Feb 21, 2017
300 Largest Spanish Cities
5,613
4.67
Geography
Aug 1, 2017
100 Largest Croatian Cities
5,030
5.00
Geography
Feb 14, 2017
150 Largest Dutch Cities
3,636
3.13
Geography
Mar 2, 2017
100 Largest Bosnian Cities
3,586
5.00
Geography
Feb 24, 2017
Go to Creator's Profile
Score Distribution
Quiz Creator Spotlight
Kaucuk
Follow
Send a Message
Quizzes Created
-
Created Quiz Play Count
-
More By This Creator
Popular Quizzes Today
1
Find the Countries of Europe - No Outlines Minefield
2
Find the US States - No Outlines Minefield
3
The Countries of the World
4
Popular People in 1961
5
1-10 Letter E Words III
6
US States
7
Find the US States
8
One Thing in Common: World Cities II
More Geography Quizzes
Country Crossword: Mexico
Published
Trending Quizzes
Risky Map Clicking: Least Populous States A-Z
Humor Books: The Subtitles
1-10 Letter F Words
1-10 Letter G Words
One Thing in Common: United Kingdom
Recently Updated
Leaping Animals
pecheneg
Reality TV Shows (A-Z)
bhenderson79
Rickey Henderson's Hall of Fame Teammates
pecheneg
Champions League XIs: Arsenal
pecheneg
Quick Pick: Celebrities in WWE's Hall of Fame
aduchscher
A-Z Keypad Blitz II
pecheneg
Multiple Oscar Actors
pecheneg
Mystery Phrase Blitz: Oscar 'Best Actors'
pecheneg
F. Scott Fitzgerald Novels
LTH
Pick 3 Villains
ddd62291
Trending Topics
Disney
Harry Potter
Marvel
Anime
Crossword
Kpop
NBA
Pokémon
WWE
Puzzle
The Office
Soccer
Song
NFL
Country
Your Account Isn't Verified!
In order to create a playlist on Sporcle, you need to verify the email address you used during registration. Go to your
Sporcle Settings
to finish the process.
Report this User
Report this user for behavior that violates our
Community Guidelines
.
Details:
Send Report
Go to the Sporcle.com Mobile Site →
Comments